Normal view
MARC view
- Dr.Akhter, Parvez
Entry Personal Name
001 - CONTROL NUMBER
- control field: 118013
003 - CONTROL NUMBER IDENTIFIER
- control field: NUST
005 - DATE AND TIME OF LATEST TRANSACTION
- control field: 20230918155406.0
008 - FIXED-LENGTH DATA ELEMENTS
- fixed length control field: 230918|| aca||aabn | a|a d
040 ## - CATALOGING SOURCE
- Original cataloging agency: NUST
- Transcribing agency: NUST
100 ## - HEADING--PERSONAL NAME
- Personal name: Dr.Akhter, Parvez
670 ## - SOURCE DATA FOUND
- Source citation: Work cat.: (NUST)355498: Warda Ajaz 118011, Renewable Energy Microfinancing in Rural Communities of Pakistan, 2014
